[Event "for NEW players (#40) - 10d+1d/m"]
[Site "SchemingMind.com"]
[Date "2011.01.14"]
[Round "-"]
[White "Tariel"]
[Black "timbo"]
[Result "1-0"]
[WhiteCountry "RUS"]
[BlackCountry "USA"]
[WhiteElo "1704"]
[WhiteRD "135"]
[BlackElo "1308"]
[BlackRD "142"]
[GameID "273087"]

1. e4 e5 2. f4 exf4 3. Nf3 h6 4. Bc4 Nc6 5. d4 g5 6. O-O Bb4 7. a3 Ba5 8. Kh1 Qe7 9. b4 Bb6 10. Bb2 d6
11. d5 Ne5 12. Nxe5 dxe5 13. Bb5+ Bd7 14. Bxd7+ Qxd7 15. c4 c5 16. Bxe5 f6 17. Qh5+ Kd8 18. Bc3 Qe7 19. Qg6 cxb4 20. axb4 Be3
21. Na3 Qf8 22. d6 Kd7 23. Qf5+ Kxd6 24. Rfd1+ Kc7 25. Nb5+ Kb8 26. Be5+
1-0

[Event "for NEW players (#40) - 10d+1d/m"]
[Site "SchemingMind.com"]
[Date "2011.01.14"]
[Round "-"]
[White "timbo"]
[Black "Tariel"]
[Result "0-1"]
[WhiteCountry "USA"]
[BlackCountry "RUS"]
[WhiteElo "1333"]
[WhiteRD "211"]
[BlackElo "1662"]
[BlackRD "292"]
[GameID "273088"]

1. d4 e6 2. e4 d5 3. e5 c5 4. Nf3 Qb6 5. c3 Nc6 6. Qb3 Qxb3 7. axb3 cxd4 8. cxd4 Bd7 9. Bd3 Nb4 10. Kd2 Nxd3
11. Kxd3 Bb5+ 12. Ke3 Ne7 13. g4 Nc6 14. Bd2 f6 15. Nc3 Ba6 16. Na4 fxe5 17. dxe5 Be7 18. Rac1 O-O 19. Ng5 Bxg5+ 20. f4 Rxf4
21. Nc5 Rf7#
0-1

[Event "for NEW players (#40) - 10d+1d/m"]
[Site "SchemingMind.com"]
[Date "2011.01.16"]
[Round "-"]
[White "Cairton"]
[Black "Tariel"]
[Result "0-1"]
[WhiteCountry "SCO"]
[BlackCountry "RUS"]
[WhiteElo "1219"]
[WhiteRD "133"]
[BlackElo "1704"]
[BlackRD "135"]
[GameID "273235"]

1. e4 e5 2. Nf3 Nc6 3. d4 exd4 4. Bc4 d6 5. c3 Nf6 6. Bg5 h6 7. Bh4 g5 8. Bg3 Bg4 9. Qb3 Qe7 10. Nbd2 O-O-O
11. O-O Na5
0-1

[Event "for NEW players (#40) - 10d+1d/m"]
[Site "SchemingMind.com"]
[Date "2011.01.16"]
[Round "-"]
[White "timbo"]
[Black "Cairton"]
[Result "0-1"]
[WhiteCountry "USA"]
[BlackCountry "SCO"]
[WhiteElo "1308"]
[WhiteRD "142"]
[BlackElo "1219"]
[BlackRD "133"]
[GameID "273238"]

1. e4 e5 2. Nf3 Nc6 3. Bb5 a6 4. Ba4 Nf6 5. Nc3 Be7 6. O-O O-O 7. d4 d6 8. d5 Bg4 9. Be3 Nd4 10. Bxd4 exd4
11. Qxd4 Bxf3 12. gxf3 Nh5 13. Ne2 Bf6 14. Qb4 b5 15. Bb3 Be5 16. Ng3 Qg5 17. c4 f5 18. Bd1 f4 19. h4 Qg6 20. Kh2 fxg3+
21. Kg2 Rf4 22. Qa5 Rxh4 23. f4 Nxf4+ 24. Kf3 g2
0-1

[Event "for NEW players (#40) - 10d+1d/m"]
[Site "SchemingMind.com"]
[Date "2011.01.22"]
[Round "-"]
[White "vetran"]
[Black "Tariel"]
[Result "1-0"]
[WhiteCountry "NED"]
[BlackCountry "RUS"]
[WhiteElo "1930"]
[WhiteRD "149"]
[BlackElo "1704"]
[BlackRD "135"]
[GameID "273864"]

1. e4 e5 2. Nf3 Nc6 3. Bc4 Bc5 4. b4 Bxb4 5. c3 Ba5 6. d4 exd4 7. O-O Nge7 8. Ng5 Ne5 9. Bb3 d5 10. exd5 Bg4
11. Qxd4 Qd6 12. Qa4+ c6 13. Qxa5 cxd5 14. Qb5+ Kf8 15. Ba3 Qf6 16. Qxb7 Re8 17. f4 h6 18. Ne4 Nf3+ 19. gxf3 dxe4 20. fxg4 Qg6
21. h3 h5 22. f5 Qg5 23. Qd5 Qe3+ 24. Kg2
1-0

[Event "for NEW players (#40) - 10d+1d/m"]
[Site "SchemingMind.com"]
[Date "2011.01.22"]
[Round "-"]
[White "vetran"]
[Black "timbo"]
[Result "1-0"]
[WhiteCountry "NED"]
[BlackCountry "USA"]
[WhiteElo "1930"]
[WhiteRD "149"]
[BlackElo "1308"]
[BlackRD "142"]
[GameID "273865"]

1. d4 d5 2. c4 Nf6 3. Nc3 e6 4. Nf3 Bb4 5. cxd5 exd5 6. Bg5 Nbd7 7. e3 c6 8. Bd3 Qa5 9. Qc2 O-O 10. O-O c5
11. a3 Bxc3 12. bxc3 c4 13. Bf5 g6 14. Bh3 Ne4 15. Be7 Re8 16. Bb4 Qb6 17. a4 a5 18. Ba3 Ndf6 19. Rab1 Qc7 20. Bxc8 Raxc8
21. Ne5 Ng4 22. Nxg4 Qd7 23. Qxe4 Rxe4 24. Nf6+ Kh8 25. Nxd7 Rc7 26. Nf6 Rh4 27. Nxd5
1-0

[Event "for NEW players (#40) - 10d+1d/m"]
[Site "SchemingMind.com"]
[Date "2011.01.22"]
[Round "-"]
[White "Tariel"]
[Black "vetran"]
[Result "0-1"]
[WhiteCountry "RUS"]
[BlackCountry "NED"]
[WhiteElo "1784"]
[WhiteRD "115"]
[BlackElo "1980"]
[BlackRD "108"]
[GameID "273867"]

1. e4 c5 2. Nf3 d6 3. d4 cxd4 4. Nxd4 Nf6 5. Nc3 a6 6. a4 e5 7. Nf3 h6 8. Be3 Be6 9. a5 Nbd7 10. Ra4 Be7
11. Nd5 Bxd5 12. exd5 Rc8 13. b4 O-O 14. c4 Ng4 15. Be2 Nxe3 16. fxe3 e4 17. Nd2 Bg5 18. Nxe4 Bxe3 19. Ra3 Bf4 20. O-O Bxh2+
21. Kxh2 Qh4+ 22. Rh3 Qxe4 23. Qd2 Qe5+ 24. Rg3 Nf6 25. Qf4 Qxf4 26. Rxf4 Kh8 27. Rb3 Rce8 28. Bf1 Nd7 29. g3 Re5 30. Kg1 g6
31. Rbf3 f5 32. g4 Kg7 33. Bh3 fxg4 34. Rxf8 Nxf8 35. Bxg4 Rg5 36. Rf4 h5 37. c5 dxc5 38. bxc5 Rxg4+
0-1

[Event "for NEW players (#40) - 10d+1d/m"]
[Site "SchemingMind.com"]
[Date "2011.01.22"]
[Round "-"]
[White "timbo"]
[Black "vetran"]
[Result "0-1"]
[WhiteCountry "USA"]
[BlackCountry "NED"]
[WhiteElo "1308"]
[WhiteRD "142"]
[BlackElo "1930"]
[BlackRD "149"]
[GameID "273868"]

1. e4 c5 2. Nf3 d6 3. d4 cxd4 4. Nxd4 Nf6 5. f3 e5 6. Nf5 Bxf5 7. exf5 Nc6 8. Bb5 Be7 9. O-O Qb6+ 10. Kh1 Qxb5
11. Nc3 Qa5 12. Bd2 Qd8 13. Ne4 Nxe4 14. fxe4 d5 15. Qg4 Bf6 16. exd5 Qxd5 17. Rfd1 Qd4 18. Qe2 O-O 19. c3 Qb6 20. Qg4 Rad8
21. b4 e4 22. Qxe4 Rxd2 23. Rxd2 Bxc3 24. Rad1 Bxd2 25. Rxd2 Qxb4 26. Qe3 Qb1+ 27. Qg1 Qxg1+ 28. Kxg1 Rd8 29. Rb2 b6 30. g4 Kf8
31. h4 Rd4 32. Rc2 Rxg4+ 33. Rg2 Rxg2+ 34. Kxg2 b5
0-1

[Event "for NEW players (#40) - 10d+1d/m"]
[Site "SchemingMind.com"]
[Date "2011.01.22"]
[Round "-"]
[White "Cairton"]
[Black "vetran"]
[Result "0-1"]
[WhiteCountry "SCO"]
[BlackCountry "NED"]
[WhiteElo "1219"]
[WhiteRD "133"]
[BlackElo "1930"]
[BlackRD "149"]
[GameID "273869"]

1. e4 c5 2. Nf3 e6 3. d3 Nc6 4. g3 d5 5. Bg2 Nf6 6. Nbd2 Be7 7. O-O O-O 8. Re1 b5 9. e5 Nd7 10. Nf1 a5
11. h4 b4 12. b3 a4 13. Bd2 a3 14. c3 Ba6
0-1

[Event "for NEW players (#40) - 10d+1d/m"]
[Site "SchemingMind.com"]
[Date "2011.01.27"]
[Round "-"]
[White "concave"]
[Black "Tariel"]
[Result "1-0"]
[WhiteCountry "GER"]
[BlackCountry "RUS"]
[WhiteElo "2015"]
[WhiteRD "118"]
[BlackElo "1876"]
[BlackRD "97"]
[GameID "274059"]

1. e4 e5 2. Nf3 Nc6 3. d4 exd4 4. Nxd4 Nf6 5. Nxc6 bxc6 6. e5 Qe7 7. Qe2 Nd5 8. c4 Ba6 9. b3 Nb4 10. Bb2 c5
11. Nc3 d5 12. a3 d4 13. axb4 dxc3 14. Bxc3 cxb4 15. Qf3 Rb8 16. Rxa6 bxc3 17. Qxc3 c6 18. Bd3 Qb7 19. c5 Qxb3 20. Qxb3 Rxb3
21. Kd2 Bxc5 22. Rxc6 Bb6 23. Kc2 Rb4 24. Rc8+ Bd8 25. Ra1 O-O 26. Rxa7 Be7 27. Rxf8+ Bxf8 28. g3 g6 29. Kc3 Rb8 30. Bc4 Bb4+
31. Kd3 Rd8+ 32. Ke4 Bc5 33. Bxf7+ Kf8 34. Rc7 Bb6 35. Rb7 Bxf2 36. Bd5 h5 37. Rf7+
1-0

[Event "for NEW players (#40) - 10d+1d/m"]
[Site "SchemingMind.com"]
[Date "2011.01.24"]
[Round "-"]
[White "concave"]
[Black "timbo"]
[Result "1-0"]
[WhiteCountry "GER"]
[BlackCountry "USA"]
[WhiteElo "1805"]
[WhiteRD "170"]
[BlackElo "1308"]
[BlackRD "142"]
[GameID "274060"]

1. c4 e5 2. Nc3 Nc6 3. Nf3 Bc5 4. g3 Nf6 5. d3 d6 6. Bg5 O-O 7. Nd5 Bf5 8. e4 Bg4 9. Bxf6 gxf6 10. h3 Bh5
11. g4 Bg6 12. h4 h5 13. Rg1 hxg4 14. Rxg4 Qd7 15. Nxf6+
1-0

[Event "for NEW players (#40) - 10d+1d/m"]
[Site "SchemingMind.com"]
[Date "2011.01.24"]
[Round "-"]
[White "concave"]
[Black "vetran"]
[Result "1-0"]
[WhiteCountry "GER"]
[BlackCountry "NED"]
[WhiteElo "1938"]
[WhiteRD "137"]
[BlackElo "1980"]
[BlackRD "108"]
[GameID "274062"]

1. Nf3 c5 2. e4 Nc6 3. d4 cxd4 4. Nxd4 Nf6 5. Nc3 e5 6. Ndb5 d6 7. Bg5 a6 8. Na3 b5 9. Nd5 Be7 10. Bxf6 Bxf6
11. c3 O-O 12. Nc2 Bg5 13. Bd3 Be6 14. Nce3 Ne7 15. Nxe7+ Qxe7 16. Qe2 Qa7 17. a4 Bxe3 18. Qxe3 Qxe3+ 19. fxe3 bxa4 20. Rxa4 a5
21. Ke2 Bb3 22. Ra3 a4 23. Rha1 Rfb8 24. Kd2 Ra7 25. Bc2 Bxc2 26. Kxc2 Kf8 27. Rxa4 Rab7 28. b4 Ke7 29. Ra7 g6 30. c4 Ke6
31. Rxb7 Rxb7 32. b5 f5 33. Kd3 Kd7 34. Ra8 Rc7 35. exf5 gxf5 36. Rh8 Ke6 37. g3 Kf6 38. Rb8 Ke7 39. b6
1-0

[Event "for NEW players (#40) - 10d+1d/m"]
[Site "SchemingMind.com"]
[Date "2011.01.29"]
[Round "-"]
[White "Tariel"]
[Black "concave"]
[Result "1-0"]
[WhiteCountry "RUS"]
[BlackCountry "GER"]
[WhiteElo "1704"]
[WhiteRD "135"]
[BlackElo "1805"]
[BlackRD "170"]
[GameID "274063"]

1. e4 e6 2. d4 d5 3. e5 c5 4. c3 Nc6 5. Nf3 Qb6 6. b3 cxd4 7. cxd4 Bb4+ 8. Ke2 Nh6 9. a3 Be7 10. Bxh6 gxh6
11. Qd3 Bd7 12. Nbd2 Nxe5 13. Nxe5 Bb5 14. Ndc4 Qa6 15. Ke3 Rc8 16. Nd6+
1-0

[Event "for NEW players (#40) - 10d+1d/m"]
[Site "SchemingMind.com"]
[Date "2011.01.24"]
[Round "-"]
[White "timbo"]
[Black "concave"]
[Result "0-1"]
[WhiteCountry "USA"]
[BlackCountry "GER"]
[WhiteElo "1308"]
[WhiteRD "142"]
[BlackElo "1805"]
[BlackRD "170"]
[GameID "274064"]

1. e4 c5 2. Nf3 d6 3. d4 cxd4 4. Bc4 e6 5. Nxd4 Nf6 6. Nc3 Be7 7. f3 Qb6 8. O-O e5 9. Nd5 Nxd5 10. Bxd5 exd4
11. Kh1 Be6 12. Bxe6 fxe6 13. b3 O-O 14. f4 Nd7 15. f5 exf5 16. Rxf5 Rxf5 17. exf5 Qc5 18. Bf4 Qxf5 19. Qxd4 Bf6
0-1

[Event "for NEW players (#40) - 10d+1d/m"]
[Site "SchemingMind.com"]
[Date "2011.01.24"]
[Round "-"]
[White "vetran"]
[Black "concave"]
[Result "1/2-1/2"]
[WhiteCountry "NED"]
[BlackCountry "GER"]
[WhiteElo "2032"]
[WhiteRD "84"]
[BlackElo "2015"]
[BlackRD "118"]
[GameID "274066"]

1. e4 e6 2. d4 d5 3. Nc3 Bb4 4. e5 c5 5. a3 Bxc3+ 6. bxc3 Ne7 7. Qg4 O-O 8. Bd3 f5 9. exf6 Rxf6 10. Bg5 Rf7
11. Qh5 g6 12. Qd1 c4 13. Be2 Qa5 14. Qd2 Nbc6 15. Nf3 Bd7 16. Ne5 Nxe5 17. dxe5 d4 18. cxd4 Qxd2+ 19. Bxd2 b5 20. a4 Nd5
21. axb5 Bxb5 22. Bf3 Re8 23. c3 Kg7 24. O-O h6 25. Rfb1 a6 26. Ra5 Ref8 27. Bxd5 exd5 28. f4 Re7 29. Rf1 h5 30. g3 Rf5
31. h3 Rf8 32. Kg2 Ref7 33. g4 hxg4 34. hxg4 Rh8 35. Kg3 Kf8 36. Raa1 Rfh7 37. Rg1 Rh3+ 38. Kf2 Rd3 39. Ra2 Ba4 40. Be1 Bd1
41. Rxa6 Rh2+ 42. Rg2 Rh1 43. Rf6+ Kg7 44. Rg1 Rh2+ 45. Rg2 Rh1 46. Rg1 Rh2+ 47. Rg2 Rh1 48. Rg1
1/2-1/2

[Event "for NEW players (#40) - 10d+1d/m"]
[Site "SchemingMind.com"]
[Date "2011.01.27"]
[Round "-"]
[White "Sigitas"]
[Black "Tariel"]
[Result "1-0"]
[WhiteCountry "LTU"]
[BlackCountry "RUS"]
[WhiteElo "1693"]
[WhiteRD "90"]
[BlackElo "1704"]
[BlackRD "135"]
[GameID "274083"]

1. e4 e5 2. Nf3 Nc6 3. d4 exd4 4. Nxd4 Nf6 5. Nc3 Bb4 6. Bg5 h6 7. Bh4 g5 8. Bg3 d6 9. Nxc6 bxc6 10. Qd3 O-O
11. O-O-O Be6 12. f4 Bxc3 13. Qxc3 Nxe4 14. Qe3 f5 15. fxg5 Qxg5 16. Bf4 Qf6 17. Bxh6 Rfb8 18. c3 Rxb2 19. Kxb2 Rb8+ 20. Kc2 Bxa2
21. Ra1 Rb3 22. Bc4+
1-0

[Event "for NEW players (#40) - 10d+1d/m"]
[Site "SchemingMind.com"]
[Date "2011.01.24"]
[Round "-"]
[White "Sigitas"]
[Black "timbo"]
[Result "1/2-1/2"]
[WhiteCountry "LTU"]
[BlackCountry "USA"]
[WhiteElo "1693"]
[WhiteRD "90"]
[BlackElo "1308"]
[BlackRD "142"]
[GameID "274084"]

1. e4 e5 2. Nf3 Nc6 3. d4 exd4 4. Nxd4 Bc5 5. c3 Nf6 6. Nf5 d5 7. Nxg7+ Kf8 8. Bh6 Ke7 9. exd5 Qxd5 10. Qxd5 Nxd5
11. Nd2 Bg4 12. h3 Bh5 13. Nf5+ Kd7 14. g4 Rae8+ 15. Kd1 Bxf2 16. gxh5 Re1+ 17. Kc2 Rxa1 18. Rh2 Be3 19. Nxe3 Nxe3+ 20. Bxe3 Rxa2
21. Bc4 Ra1 22. Bd3 Kc8 23. Bc4 f6 24. Rf2 Re8 25. Bc5 Na5 26. Rxf6 Nxc4 27. Nxc4 Re2+ 28. Kb3 b6 29. Ba3 Rh2 30. Rh6 Rxh3
31. Rxh7 Rah1 32. Ne5 Rxh5 33. Rxh5 Rxh5 34. Nc6 a5 35. Nd4 c5 36. Nb5 Kb7 37. Ka4 Rh4+ 38. Kb3 a4+ 39. Kc2 Ka6 40. Nc7+ Ka5
41. b4+ cxb4 42. cxb4+ Rxb4 43. Bxb4+ Kxb4 44. Nd5+ Kc5 45. Nf4 b5 46. Nh3 Kc4 47. Nf4 a3 48. Nh3 b4 49. Nf4 b3+ 50. Kb1 b2
51. Ne6 Kc3 52. Ka2 Kd2 53. Nd4 Kc1= 54. Nb3+ Kc2 55. Nd4+ Kc1=
1/2-1/2

[Event "for NEW players (#40) - 10d+1d/m"]
[Site "SchemingMind.com"]
[Date "2011.01.24"]
[Round "-"]
[White "Sigitas"]
[Black "vetran"]
[Result "0-1"]
[WhiteCountry "LTU"]
[BlackCountry "NED"]
[WhiteElo "1693"]
[WhiteRD "90"]
[BlackElo "1930"]
[BlackRD "149"]
[GameID "274086"]

1. e4 c5 2. Nf3 Nc6 3. Bc4 e6 4. O-O a6 5. d4 cxd4 6. Nxd4 Qc7 7. Nc3 Nf6 8. Bg5 Be7 9. f4 Nxd4 10. Bd3 h6
11. Bh4 Nc6 12. e5 Nd5 13. Bxe7 Ncxe7 14. Ne2 b5 15. Kh1 Ne3 16. Qd2 Nxf1 17. Qe1 Ne3 18. Rc1 Bb7 19. Qg3 Qc6 20. Rg1 N7f5
21. h3 Nxg3+ 22. Nxg3 f5 23. Nxf5 exf5 24. Bxf5 Nxf5 25. Kh2 Qxc2 26. b4 Qf2 27. a3 Nh4 28. f5 Nf3+ 29. Kh1 Qxg1#
0-1

[Event "for NEW players (#40) - 10d+1d/m"]
[Site "SchemingMind.com"]
[Date "2011.01.24"]
[Round "-"]
[White "Sigitas"]
[Black "concave"]
[Result "0-1"]
[WhiteCountry "LTU"]
[BlackCountry "GER"]
[WhiteElo "1693"]
[WhiteRD "90"]
[BlackElo "1805"]
[BlackRD "170"]
[GameID "274087"]

1. e4 c5 2. Nf3 d6 3. Be2 Nc6 4. O-O Nf6 5. Nc3 e6 6. d4 cxd4 7. Nxd4 Be7 8. Be3 O-O 9. f4 a6 10. Kh1 Qc7
11. g4 b5 12. g5 Nd7 13. Qd2 Nxd4 14. Bxd4 b4 15. Nd1 f5 16. gxf6 Nxf6 17. Qxb4 Nxe4 18. Rg1 e5 19. fxe5 Qc6 20. exd6 Nf2#
0-1

[Event "for NEW players (#40) - 10d+1d/m"]
[Site "SchemingMind.com"]
[Date "2011.01.29"]
[Round "-"]
[White "Tariel"]
[Black "Sigitas"]
[Result "0-1"]
[WhiteCountry "RUS"]
[BlackCountry "LTU"]
[WhiteElo "1704"]
[WhiteRD "135"]
[BlackElo "1693"]
[BlackRD "90"]
[GameID "274088"]

1. e4 e5 2. Nf3 Nc6 3. Bc4 Bc5 4. b4 Bxb4 5. c3 Bc5 6. d4 exd4 7. Ng5 Nh6 8. Qh5 Qe7 9. O-O Ne5 10. Bb3 dxc3
11. Nxc3 c6 12. Kh1 O-O 13. Be3 Bxe3 14. fxe3 d6 15. Rac1 Bg4 16. Qh4 Ng6
0-1

[Event "for NEW players (#40) - 10d+1d/m"]
[Site "SchemingMind.com"]
[Date "2011.01.25"]
[Round "-"]
[White "timbo"]
[Black "Sigitas"]
[Result "1-0"]
[WhiteCountry "USA"]
[BlackCountry "LTU"]
[WhiteElo "1333"]
[WhiteRD "211"]
[BlackElo "1662"]
[BlackRD "127"]
[GameID "274089"]

1. e4 e5 2. Nf3 Nc6 3. Bb5 Nd4 4. Nxd4 exd4 5. O-O c5 6. d3 a6 7. Bc4 b5 8. Bd5 Ra7 9. c3 Nf6 10. Bg5 Be7
11. c4 Nxd5 12. Bxe7 Qxe7 13. exd5 O-O 14. Qh5 d6 15. Nd2 Rb7 16. Rae1 Qf6 17. Ne4 Qd8 18. Ng5 Bf5 19. Rd1 Bg6 20. Qg4 bxc4
21. dxc4 Rxb2 22. Ra1 Bd3 23. Rfd1 Bxc4 24. Qf5 g6 25. Qg4 Bxd5 26. Qh4 h5 27. Re1 Rxa2 28. Rxa2 Bxa2 29. g4 f6 30. Nf3 Bd5
31. Nd2 Qa8 32. gxh5 Bh1 33. f3 Bxf3 34. hxg6 Rb8 35. Qh7+
1-0

[Event "for NEW players (#40) - 10d+1d/m"]
[Site "SchemingMind.com"]
[Date "2011.01.25"]
[Round "-"]
[White "vetran"]
[Black "Sigitas"]
[Result "1-0"]
[WhiteCountry "NED"]
[BlackCountry "LTU"]
[WhiteElo "1930"]
[WhiteRD "149"]
[BlackElo "1693"]
[BlackRD "90"]
[GameID "274091"]

1. d4 Nf6 2. c4 g6 3. Nc3 Bg7 4. e4 O-O 5. Nf3 d6 6. Be2 Re8 7. O-O e5 8. d5 c6 9. Be3 a5 10. Ne1 Nbd7
11. dxc6 bxc6 12. Qxd6 Re6 13. Qd2 Bb7 14. c5 Qe7 15. Bc4 Nxc5 16. Bxc5 Qxc5 17. Bxe6 fxe6 18. Rc1 Qd4 19. Qe2 c5 20. Nf3 Nxe4
21. Nxd4 Nxc3 22. bxc3 cxd4 23. cxd4 exd4 24. Qxe6+ Kh8 25. Rc7 Ba6 26. Qf7 Rg8 27. Re1 d3 28. Re8
1-0

[Event "for NEW players (#40) - 10d+1d/m"]
[Site "SchemingMind.com"]
[Date "2011.01.24"]
[Round "-"]
[White "concave"]
[Black "Sigitas"]
[Result "1-0"]
[WhiteCountry "GER"]
[BlackCountry "LTU"]
[WhiteElo "1938"]
[WhiteRD "137"]
[BlackElo "1693"]
[BlackRD "91"]
[GameID "274092"]

1. e4 c5 2. Nf3 d6 3. d4 cxd4 4. Nxd4 Nf6 5. Nc3 e5 6. Nb3 Be7 7. Be2 O-O 8. Be3 Be6 9. g4 d5 10. exd5 Nxd5
11. Nxd5 Bxd5 12. Bf3 Bxf3 13. Qxf3 Nc6 14. Rd1 Qc7 15. c3 a5 16. O-O Rad8 17. Nc5 b6 18. Na4 Rxd1 19. Rxd1 Rb8 20. Qf5 b5
21. Rd7 Qc8 22. Nb6 Qe8 23. Nd5 Rd8 24. Rxd8 Qxd8 25. Qe4 b4 26. Bb6 Qd6 27. Nxe7+
1-0